000 00580nam a2200217Ia 4500
008 131103s9999 xx 000 0 und d
020 _a8125004696
040 _aLoreto College
041 _aEnglish
082 _a920/GOR
_bLCBED/11670
100 _aSproule, Anna
245 _aMikhail Gorbachev
_cAnna Sproule
260 _aHyderabad
_bOrient longman
_c1995
300 _a64p.
_b pic.
_c 18cm.
440 _aPeople who have helped the world
504 _aIncludes index
650 _aGorbachev, Mikhail
651 _aBiography
850 _aLCBED/920/GOR
942 _cBK
999 _c30743
_d81222